Babies on sale (Record no. 508924)

000 -LEADER
fixed length control field 00314nam a22001217a 4500
082 ## - DEWEY DECIMAL CLASSIFICATION NUMBER
Classification number Q43x54 N511
100 ## - MAIN ENTRY--PERSONAL NAME
Personal name Nagalaxmibai, K.G.
9 (RLIN) 4450
245 ## - TITLE STATEMENT
Title Babies on sale
Statement of responsibility, etc K.G. Nagalaxmibai
260 ## - PUBLICATION, DISTRIBUTION, ETC. (IMPRINT)
Place of publication, distribution, etc Bangalore
Name of publisher, distributor, etc N.Gopal
Date of publication, distribution, etc 2010
300 ## - PHYSICAL DESCRIPTION
Extent 88p.
650 ## - SUBJECT ADDED ENTRY--TOPICAL TERM
Topical term or geographic name as entry element Human smuggling
9 (RLIN) 15000
650 ## - SUBJECT ADDED ENTRY--TOPICAL TERM
Topical term or geographic name as entry element Child welfare
9 (RLIN) 15001
Holdings
Withdrawn status Lost status Source of classification or shelving scheme Damaged status Koha normalized classification for sorting Not for loan Permanent location Current location Date acquired Full call number Barcode Date last seen Price effective from Koha item type
        Q_43X54_N511   Indian Institute of Public Administration Indian Institute of Public Administration 2019-04-16 Q43x54 N511 GR20955 2019-04-16 2019-04-16 GR

Powered by Koha